অন্তরদৃষ্টি : (Record no. 7758)
[ view plain ]
| 000 -LEADER | |
|---|---|
| fixed length control field | 00843nam a2200253 a 4500 |
| 001 - CONTROL NUMBER | |
| JCCL Control Number | 7758 |
| 003 - CONTROL NUMBER IDENTIFIER | |
| JCCL marc code | BD-JhCC |
| 005 - DATE AND TIME OF LATEST TRANSACTION | |
| control field | 20181006125508.0 |
| 008 - FIXED-LENGTH DATA ELEMENTS--GENERAL INFORMATION | |
| fixed length control field | 180213s2007 bg |||| |||a 000 0 ben d |
| 020 ## - INTERNATIONAL STANDARD BOOK NUMBER | |
| International Standard Book Number | 9844105625 |
| 035 ## - SYSTEM CONTROL NUMBER | |
| system control number | (BD-JhCC)7758 |
| 040 ## - CATALOGING SOURCE | |
| Original cataloging agency | BD-JhCC |
| Modifying agency | BD-JhCC |
| 041 ## - LANGUAGE CODE | |
| Language code of Book | ben |
| 082 ## - DEWEY DECIMAL CLASSIFICATION NUMBER | |
| Classification number | 155.8497009 |
| Author mark and Year | ANT 2007 |
| 245 ## - TITLE STATEMENT | |
| Title | অন্তরদৃষ্টি : |
| Remainder of title | মন ও মানসিক স্বাস্থ্য বিষয়ক রচনা সংকলন / |
| Statement of responsibility, etc | ফৌজিয়া খান সম্পাদিত |
| 260 ## - PUBLICATION, DISTRIBUTION, ETC. (IMPRINT) | |
| Place of publication, distribution, etc | ঢাকা : |
| Name of publisher, distributor, etc | মাওলা ব্রাদার্স ; |
| Date of publication, distribution, etc | 2007 . |
| 300 ## - PHYSICAL DESCRIPTION | |
| Pagination | 231 p. : |
| Dimensions | 21 cm. |
| 651 ## - SUBJECT ADDED ENTRY--GEOGRAPHIC NAME | |
| Geographic name | Ethopsychology |
| 651 ## - SUBJECT ADDED ENTRY--GEOGRAPHIC NAME | |
| Geographic name | Psychology |
| 651 ## - SUBJECT ADDED ENTRY--GEOGRAPHIC NAME | |
| Geographic name | Mental Health |
| 700 ## - ADDED ENTRY--PERSONAL NAME | |
| Personal name | খান, ফৌজিয়া |
| 942 ## - ADDED ENTRY ELEMENTS (KOHA) | |
| Source of classification or shelving scheme | Library of Congress Classification |
| Koha item type | Books |
| Source of classification or shelving scheme | Damaged status | Not for loan | Home library | Current library | Shelving location | Cost, normal purchase price | Total Checkouts | Full call number | Barcode | Date last seen | Copy number | Koha item type |
|---|---|---|---|---|---|---|---|---|---|---|---|---|
| Dewey Decimal Classification | JCC Rouf Library | JCC Rouf Library | General Stacks | 250.00 | 155.8497009 ANT 2007 | 9790 | 02/13/2018 | C - 1 | Books |